00577cam a2200205ua 45000010005000000080039000050400009000440410008000530820008000611000023000692450049000922500013001412600038001543000010001926530013002027000027002159420007002429990015002499520107002647215141204n ii |||gr||||Z||||||eng cMAIN aeng a381 aHume, G.,eAuthor.1 aManual of commercial correspondencecG. Hume a5th rev. aAllahabad:bA. H. Wheeler,c1970. a342p. aCommerce aBayley, J.E.,eAuthor. cBK c6340d6340 00104070aMAINbMAINcGENd2020-09-19l0o381.6 | HUMp13855r2020-09-19 00:00:00t1w2020-09-19yBK